Kindergarten ABC / (Record no. 6992)
[ view plain ]
| 000 -LEADER | |
|---|---|
| fixed length control field | 01013nam a22002897a 4500 |
| 001 - CONTROL NUMBER | |
| control field | 6992 |
| 003 - CONTROL NUMBER IDENTIFIER | |
| control field | FISKH |
| 005 - DATE AND TIME OF LATEST TRANSACTION | |
| control field | 20250616161106.0 |
| 008 - FIXED-LENGTH DATA ELEMENTS--GENERAL INFORMATION | |
| fixed length control field | 250616b cb ||||| |||| 00| 0 eng d |
| 020 ## - INTERNATIONAL STANDARD BOOK NUMBER | |
| International Standard Book Number | 9780439562126 |
| 040 ## - CATALOGING SOURCE | |
| Original cataloging agency | FISKH |
| Language of cataloging | eng |
| Transcribing agency | FISKH |
| Modifying agency | FISKH |
| 050 ## - LIBRARY OF CONGRESS CALL NUMBER | |
| Classification number | LB1181 .R64 |
| 082 ## - DEWEY DECIMAL CLASSIFICATION NUMBER | |
| Classification number | 428.1 |
| 100 ## - MAIN ENTRY--PERSONAL NAME | |
| Personal name | Rogers, Jacqueline |
| 245 ## - TITLE STATEMENT | |
| Title | Kindergarten ABC / |
| Statement of responsibility, etc. | By Jacqueline Rogers |
| 250 ## - EDITION STATEMENT | |
| Edition statement | First Scholastic printing , September 2003 |
| 260 ## - PUBLICATION, DISTRIBUTION, ETC. | |
| Place of publication, distribution, etc. | New York : |
| Name of publisher, distributor, etc. | Scholastic , |
| Date of publication, distribution, etc. | 2002. |
| 300 ## - PHYSICAL DESCRIPTION | |
| Extent | 39 unnumbered pages : |
| Other physical details | color illustrations ; |
| Dimensions | 23 cm . |
| 505 ## - FORMATTED CONTENTS NOTE | |
| Formatted contents note | O <br/> |
| 520 ## - SUMMARY, ETC. | |
| Summary, etc. | Presents the special activities of a kindergarten class on the day devoted to each letter of the alphabet, from finding acorns outside on A day to zero more letters and a trip to the zoo on Z day. |
| 521 8# - TARGET AUDIENCE NOTE | |
| Target audience note | 600 <br/> |
| Source | Lexile <br/> |
| 521 8# - TARGET AUDIENCE NOTE | |
| Target audience note | O <br/> |
| Source | Raz-Plus <br/> |
| 650 ## - SUBJECT ADDED ENTRY--TOPICAL TERM | |
| Topical term or geographic name entry element | Back to school |
| Form subdivision | Juvenile Fiction |
| 700 ## - ADDED ENTRY--PERSONAL NAME | |
| Personal name | Gassman, Nathan |
| Relator term | Book desinger |
| 942 ## - ADDED ENTRY ELEMENTS (KOHA) | |
| Source of classification or shelving scheme | Dewey Decimal Classification |
| Koha item type | Books |
| Suppress in OPAC | No |
| Withdrawn status | Lost status | Source of classification or shelving scheme | Damaged status | Not for loan | Collection | Home library | Current library | Shelving location | Date acquired | Total Checkouts | Full call number | Barcode | Date last seen | Copy number | Price effective from | Koha item type |
|---|---|---|---|---|---|---|---|---|---|---|---|---|---|---|---|---|
| Dewey Decimal Classification | Juvenile Fiction | Footprints International School Library Network Toul Tom Poung Campus | Footprints International School Library Network Toul Tom Poung Campus | TTP Primary Yellow Bookshelves | 06/16/2025 | ROG 428.1 LB1181 .R64 | FISTK02306 | 06/16/2025 | 1 | 06/16/2025 | Books | |||||
| Dewey Decimal Classification | Juvenile Fiction | Footprints International School Library Network Toul Tom Poung Campus | Footprints International School Library Network Toul Tom Poung Campus | TTP Primary Yellow Bookshelves | 06/16/2025 | ROG 428.1 LB1181 .R64 | FISBK01032 | 06/16/2025 | 2 | 06/16/2025 | Books |
